Fundamentals of Marketing Marketing Perspectives from Business Week to Accompany

Na minha lista:
Detalhes bibliográficos
Autor principal: Stanton, William J.
Outros Autores: Etzel, Michael J., Walker, Bruce J.
Formato: Livro
Idioma:inglês
Publicado em: New York MacGraw-Hill 1991
Edição:9. ed.
Assuntos:
Tags: Adicionar Tag
Sem tags, seja o primeiro a adicionar uma tag!

MARC

LEADER 00000nam a2200000 4500
001 c001076
005 20221214102053.0
020 |a 0-07-060965-9 
041 0 |a eng 
044 |a US 
245 1 0 |a Fundamentals of Marketing  |b Marketing Perspectives from Business Week to Accompany  |c William J. Stanton, Michael J. Etzel, Bruce J. Walker 
250 |a 9. ed. 
264 1 |a New York  |b MacGraw-Hill  |c 1991 
300 |a 179 s. 
610 2 0 |a marketing 
610 2 0 |a tlač 
610 2 0 |a USA 
610 2 0 |a analýza trhu 
610 2 0 |a spotrebitelia 
610 2 0 |a správanie 
610 2 0 |a podnik 
610 2 0 |a plánovanie výroby 
610 2 0 |a tvorba cien 
610 2 0 |a distribúcia 
610 2 0 |a obchod 
610 2 0 |a predaj 
610 2 0 |a trh 
610 2 0 |a reklama 
610 2 0 |a služby 
610 2 0 |a manažment 
610 2 0 |a prognózovanie 
100 1 |a Stanton, William J. 
700 1 |a Etzel, Michael J. 
700 1 |a Walker, Bruce J.